|
|
|
|
| LEADER |
00000ckm a2200000 a 4500 |
| 001 |
vtls011570177 |
| 003 |
SK-MaSNL |
| 005 |
20260512130315.0 |
| 007 |
kp ho |
| 008 |
230706q1919 xo g kuhun |
| 015 |
|
|
|a SNBG1919
|
| 035 |
|
|
|a urn:nbn:sk:snk-km00dzcv
|
| 035 |
|
|
|a urn:nbn:sk:snk-km3lo9l
|
| 035 |
|
|
|a 8D641CD0-612F-4A22-9DDD-0391657CCCD4
|
| 040 |
|
|
|a SNK
|b slo
|c SNK
|e AACR2
|
| 041 |
0 |
|
|a hun
|
| 043 |
|
|
|a e-xo---
|
| 044 |
|
|
|a xo
|c SK
|
| 072 |
|
7 |
|a 913
|x Regionálna geografia
|2 konspekt
|
| 080 |
|
|
|a 913(437.6)
|2 2011
|
| 080 |
|
|
|a 069
|2 2011
|
| 080 |
|
|
|a (084.121)
|2 2011
|
| 100 |
1 |
|
|a Benczur, Vilmos
|4 pht
|9 343297
|
| 245 |
1 |
0 |
|a Kassa
|h grafika
|b Felsömagyarországi Rákoczy muzeum
|c Benczur Vilmos, felvétele
|
| 260 |
|
|
|a Kassa
|b Benczur Vlimos
|c [1919?]
|
| 300 |
|
|
|a 1 pohľadnica
|b kolorovaná
|c 9 x 14 cm
|
| 500 |
|
|
|a Názvové údaje prevzaté z obrazovej časti pohľadnice
|
| 520 |
8 |
|
|a Zobrazenie: Pohľad na Rákociho múzeum v Košiciach sprava. V popredí vidno po chodníku kráčať dve ženy
|
| 650 |
0 |
7 |
|a múzeá
|2 SNKPH
|9 4119
|
| 651 |
|
7 |
|a Košice (Slovensko)
|2 SNKPHgeo
|9 18694
|
| 655 |
|
7 |
|a miestne pohľadnice
|2 SNKPH
|9 70510
|
| 752 |
|
|
|a Slovensko
|d Košice
|
| 852 |
|
|
|a Slovenská národná knižnica
|
| 958 |
|
|
|a GBN
|
| 958 |
|
|
|a GC
|
| 958 |
|
|
|a ONDV
|
| 999 |
|
|
|c 1190149
|d 1192079
|
| 952 |
|
|
|a SNK
|b SNK
|y PREZ
|7 0
|p 17A1199020
|o snkSP 16602
|z Pohľadnica prešla poštou.
|0 0
|1 0
|4 0
|d 2016-07-29
|f 1
|l 0
|r 2026-02-24 22:09:03
|w 2026-02-24
|